000 00624nam a2200217 i 4500
001 19284
003 ES-MaACL
005 20230906152047.0
007 t|
008 020709s2001 sp ||||1| spa d
020 _a84-95018-33-0
080 _a821.134.2-14"19"
100 1 _aCarrión Gútiez, Manuel.
_935810
245 1 0 _aNombre en la tierra, nombre en el agua /
_cManuel Carrión Gútiez.
260 _aPalencia :
_bCálamo,
_c[2001]
300 _a188 p. ;
_c21 cm.
490 1 _aTorre del aire ;
_v2
830 0 _aTorre del aire ;
_v2
_9182141
852 _aES-MaACL
_jL-25720
_bR.131701
999 _c19284
_d19284